000 01307nam a2200349Ia 4500
001 ebr10448416
003 CaPaEBR
006 m u
007 cr cn|||||||||
008 091210s2010 maua sb 001 0 eng d
010 _z 2009050737
020 _z9780891063827
020 _z9786612894077
040 _aCaPaEBR
_cCaPaEBR
035 _a(OCoLC)547500587
050 1 4 _aHD57.7
_b.B874 2010eb
082 0 4 _a658.4/092
_222
100 1 _aBushe, Gervase R.
245 1 0 _aClear leadership
_h[electronic resource] :
_bsustaining real collaboration and partnership at work /
_cGervase R. Bushe.
250 _aRev. ed.
260 _aBoston :
_bDavies-Black,
_c2010.
300 _axiii, 296 p. :
_bill.
504 _aIncludes bibliographical references (p. 289-290) and index.
533 _aElectronic reproduction.
_bPalo Alto, Calif. :
_cebrary,
_d2011.
_nAvailable via World Wide Web.
_nAccess may be limited to ebrary affiliated libraries.
650 0 _aLeadership.
650 0 _aCommunication in management.
650 0 _aLabor productivity.
650 0 _aIndustrial management.
655 7 _aElectronic books.
_2local
710 2 _aebrary, Inc.
856 4 0 _uhttp://site.ebrary.com/lib/rucke/Doc?id=10448416
_zAn electronic book accessible through the World Wide Web; click to view
999 _c247962
_d247962